Вратите на съня (Запис номер 129558)
[ съкратено ]
| 000 -Лидер | |
|---|---|
| Контролно поле с фиксирана дължина | 01392nam a2200337 c 4500 |
| 003 - Код на организацията, давaща контролен номер | |
| Контролно поле | BLK |
| 005 - Дата и час на последна редакция | |
| Контролно поле | 20240507180249.0 |
| 008 - Елементи от данни с фиксирана дължина | |
| fixed length control field | 180409b bul|||||r ||||||| ||bul|| |
| 010 ## - Наследен системен номер | |
| LC control number | KNG00135295000 |
| 020 ## - Международен стандартен номер на книга ISBN | |
| Международен стандартен номер на книга ISBN | 978-619-150-039-0 |
| -- | издат.: Колибри |
| 040 ## - Източник на каталожния запис | |
| Идентификатор на билиотеката - собственик на записа | BLK |
| 041 ## - Код за език | |
| Код за езика на текст/звукозапис или на отделно заглавие | Български |
| Код за езика КДБФ | Български |
| 072 #7 - Код за тематичната категория | |
| Код организация | bullib |
| Код за тематична категория | Н83 |
| Текст | Чужда художествена литература Н |
| 080 ## - УДК | |
| Текстов определител УДК | Сръбска литература |
| УДК код - определител по УДК | 821.163.41 |
| УДК определител | -32 |
| УДК - код + определител | 821.163.41-32 |
| 100 1# - Редна дума - Автор | |
| Автор | Павич, Милорад |
| Авторска отговорност | първи автор |
| R(LIN) | 266210 |
| 139 ## - Редно поле | |
| Редна дума | Павич, Милорад |
| Авторски знак | Пав - П 12 |
| 245 10 - Сведения за заглавието | |
| Заглавие | Вратите на съня |
| Подзаглавни данни | Избрани разкази |
| Редно поле (дума) | Милорад Павич; прев. от сръб. Русанка Костова Ляпова. |
| 257 ## - Страна на издаване | |
| Страна на създаване/издаване | Сърбия |
| 260 ## - Област на издателските данни | |
| -- | София |
| Име на издателя, разпространителя и проч. | Колибри |
| Година на издаване | 2012 |
| Печатница | София : Инвестпрес |
| 300 ## - Физическа характеристика | |
| Страници | 302 с. |
| Размери/Мащаб | 20 см |
| 380 ## - Жанр | |
| Жанр | Худож. лит. |
| 500 ## - Общи забележки | |
| Забележка | Ориг. загл. Све приче / Милорад Павиh ; Sve Price / Milorad Pavic. - Съдържа и за авт. |
| 659 ## - Тематичен бюлетин | |
| Тематичен бюлетин | Н |
| 700 1# - Други автори (авторска отговорност) | |
| Лично име | Ляпова, Русанка Костова |
| Автороска отговорност (Описва отношението между автора и произведението) | прев. от сръб. |
| 9 (RLIN) | 368468 |
| 852 ## - Местоположение | |
| Форматна сигнатура | Цб 257123 |
| 856 4# - Електронен адрес и достъп | |
| Електронен формат | pdf - файл |
| Път до файла /url/ | |
| 856 4# - Електронен адрес и достъп | |
| Електронен формат | pdf - файл |
| Път до файла /url/ | |
| 942 ## - АРТИКУЛИ | |
| Вид на библиотечния материал | Книги |
| Скрит в OPAC | Не |
| Koha issues (borrowed), all copies | 3 |
| 944 ## - СЪЗДАВАНЕ И РЕДАКЦИЯ на ЗАПИСА | |
| Създаване/Редакция | Създаване |
| Дата на регистрацията/редакция | 19.10.2012 |
| Статус, дата на статуса | Галина Якимова |
| Служител, извършил регистрацията/редакцията | 30564 |
| 944 ## - СЪЗДАВАНЕ И РЕДАКЦИЯ на ЗАПИСА | |
| Създаване/Редакция | Редакция |
| Дата на регистрацията/редакция | 03.10.2014 |
| Статус, дата на статуса | ф / |
| Служител, извършил регистрацията/редакцията | |
| 999 ## - СИСТЕМНИ КОНТРОЛНИ НОМЕРА | |
| Koha biblionumber | 129558 |
| Koha biblioitemnumber | 129558 |
| Код за отписване | Код за изгубен артикул | Източник на класификационната схема | Код за повреда | Коз за рестрикции | Код за отдаване | Артикулен № | Име на библиотеката - собственик | Име на библиотеката, в която се намира в момента | Статус (Текущо местоположение) | Дата на вписване в системата | Местоположение - отдел | Цена в лева | Инвентарен номер | Систематично азбучна сигнатура | Баркод | Номер на екземпляра | Цена в евро | Служебна бележка | Служебен тип на артикула |
|---|---|---|---|---|---|---|---|---|---|---|---|---|---|---|---|---|---|---|---|
| Не е изгубен | Universal Decimal Classification | Не е повреден | без рестрикции | заемане за дома | 210551 | Регионална библиотека "Любен Каравелов" Русе | Регионална библиотека "Любен Каравелов" Русе | Заемна - подръчен фонд | 2012-10-19 | Заемна - подръчен фонд | 14.00 | 120000760563 | П 886.1/.6/П 12 | 120000760563 | 1 | 7.16 | Дост: DA Вид: А N: 19 Дата: 19.10.2012 Дата инв: 08.02.2018 Бележки инв: П2018 | Книги | |
| Не е изгубен | Не е повреден | без рестрикции | ползва се в читалня | 210552 | Регионална библиотека "Любен Каравелов" Русе | Регионална библиотека "Любен Каравелов" Русе | Хранилище | 2014-10-03 | Хранилище | 14.00 | 120000781265 | Цб 257123 | 120000781265 | 2 | 7.16 | Дост: Dp Вид: Д N: 3 Дата: 24.01.2014 | Книги |